1909 1884 1922 1120 1900 1577 1140 1887 1654 1692 1579 1768 1233 1338 1189 1376 1919 1737 1976 1114 1682 1388 1074 1073 1827 1585 1319 1388 1994 1413 1347 1280 1049 1105 1873 1900 1912 1377 1562 1713 1215 1795 1650 1087 1909 1826 1291 1521 1122 1365 1846 1550 1553 1743 1377 1504 1753 1127 1481 1046 1717 1645 1979 1348 1793 1095 1979 1396 1573 1647 1593 1543 1448 1750 1887 1319 1669 1610 1130 1748 1671 1562 1489 1181 1095 1012 1978 1035 1226 1355 1581 1716 1638 1896 1283 1692 1486 1604 1210 BCNSPRNW ULIB Ver.6.0+V

เปลี่ยนเป็นภาษาไทย

Change to English
 แสดงรายละเอียดบรรณานุกรม
  กลับหน้าหลัก

Brief Record : Get Marc (ISO 2709) : E-mail record : QR code < ปิดหน้าต่าง
LEADER : 00000nam 2200000uu 4500
001    13399126097
003     ULIB
008    020711s2017 th a 000 0 eng d
020    ^a9781496362247
060    ^aQV4^bK18F
100    ^aAmy M. Karch.
245    ^aFocus on Nursing Pharmacology
250    ^a7th ed
260    ^aPhiladelphia :^bWolters Kluwer,^c2017
300    ^a1106 pages;^b30 cm
650    ^aPharmaceutical Preparations
650  0 ^aDrug Therapy
945    ^p2439^l0^i004121
999    ^aประนอม เกษจรัล
รายการนี้ยังไม่มีแท็ก
คุณยังไม่ได้ล็อกอิน คุณสามารถมีกิจกรรมร่วมกับเว็บไซต์ได้ แต่ต้องล็อกอินก่อน ::
  ล็อกอิน

รายการสื่อสารสนเทศ

ลำดับที่ ประเภท เลขเรียก/บาร์โค้ด สถานที่ สถานะ
1. วิทยาศาสตร์การแพทย์ และสุขภาพ
หนังสือสำรอง
สถานะ=หนังสือสำรอง
QV4 K18F ฉ.1 
  Barcode: 004121
ห้องสมุดวิทยาเขตสวรรค์ประชารักษ์
►หนังสือทั่วไป
บนชั้น

รายการใกล้เคียง
    ชื่อเรื่อง [Focus on Nursing Pharmacology]

    ผู้แต่ง [Amy M. Karch.]

    หัวเรื่อง [Pharmaceutical Preparations]
    หัวเรื่อง [Drug Therapy]

BibComment


ยังไม่เคยถูกคอมเมนท์

คอมเมนท์ทรัพยากรรายการนี้
  คอมเมนท์: Focus on Nursing..


 Copyright 2026. Bcnsprnw @Library